00381nam a2200145Ia 4500008004100000020001500041041001200056082001100068100001700079245006000096260003800156300000800194650001500202700001800217221030s9999 xx 000 0 und d a8131511114 aEnglish a105.23 aK. Gillespie 0aInternational Marketingcby K. Gillespie, J. P. Jeannet bCengage LearningaNew Delhic2008 a428 aManagement aJ. P. Jeannet